00263nam a22000857a 4500008004100000082002100041245009800062260000900160300000800169230621b xxu||||| |||| 00| 0 eng d a328.33bSCT 2006 aSociety of Clerks-At-The-Table in Commonwealth Parliaments bList of Members as at 1July 2006 c2006 a28p